Statistics for England World Cup Squad 2014

Click here to take the quiz!

General Stats

  • This quiz has been taken 27,243 times
    (27,221 since last reset)
  • The average score is 14 of 24

Answer Stats

PositionPlayer% Correct
FWWayne Rooney
93%
GKJoe Hart
91%
MFSteven Gerrard
85%
MFFrank Lampard
81%
MFRaheem Sterling
71%
FWDaniel Sturridge
68%
ManagerRoy Hodgson
68%
DFGary Cahill
67%
MFJordan Henderson
59%
DFPhil Jones
57%
FWDanny Welbeck
55%
DFChris Smalling
54%
GKBen Foster
53%
DFLeighton Baines
52%
DFGlen Johnson
51%
GKFraser Forster
49%
MFJames Milner
49%
DFLuke Shaw
49%
DFPhil Jagielka
47%
MFAdam Lallana
44%
MFJack Wilshere
44%
MFAlex Oxlade-Chamberlain
42%
FWRickie Lambert
37%
MFRoss Barkley
34%

Score Distribution

Percentile by Number Answered

Percent of People with Each Score

Your Score History

You have not taken this quiz since the last reset